000 00675nam a2200241Ia 4500
003 OSt
005 20220918205820.0
006 a|||||r|||| 00| 0
007 ta
008 220917b |||||||| |||| 00| 0 eng d
024 _a118,038
037 _cTextual
040 _aARTS
_cARTS
_beng
041 _2eng
_aeng
082 _aV65:71:I5, K7
100 _aDavies Oliver
_9116269
245 0 _aWest Africa before the Europena
_b Archaeology and prehistory
260 _aLondon
_bMethuen UK
_c1967
490 _aMethuen's handbooks of archaeology
650 _aHISTORY
942 _hV65:71:I5, K7
_cTEXL
_2CC
999 _c241315
_d241315